Egyptian Pharaohs in Hellenistic Period - Statistics

General Stats
  • This quiz has been taken 56 times
  • The average score is 25 of 33
Answer Stats
Period Pharaon Name % Correct
180-176(Co-regent) Cleopatra I
98%
130-127 175-164
(Co-regent)
163-131 (Co-regent)
124-115 (Co-regent)
Cleopatra II
98%
142-131(Co-regent) 127-101 (Co-regent) Cleopatra III
98%
116-101 Cleopatra III
98%
116-115(Co-regent) Cleopatra IV
98%
79-69(Co-regent) Cleopatra V
98%
51-3052-51 (Co-regent) Cleopatra VII
98%
305-285 Ptolemy I
88%
285-246 Ptolemy II
88%
246-221 Ptolemy III
88%
221-205 Ptolemy IV
88%
116-107 Ptolemy IX
88%
88-80 Ptolemy IX
88%
205-180 Ptolemy V
88%
180-164 163-145 Ptolemy VI
88%
131-130
145-144
(Co-regent)
Ptolemy VII
88%
164-163145-131 127-116
170-164 (Co-regent)
Ptolemy VIII
88%
107-88 Ptolemy X
88%
80 Ptolemy XI
88%
80-5855-51 Ptolemy XII
88%
51-47(Co-regent) Ptolemy XIII
88%
47-44 Ptolemy XIV
88%
44-30 Ptolemy XV
88%
317-310 Alexander IV
76%
332-323 Alexander the Great
76%
323-317 Philip III
46%
279-270(Co-regent) Arsinoe II
34%
220-204 Arsinoe III
34%
48-47 Arsinoe IV
34%
246-221(Co-regent) Berenice II
34%
81-80 101-88(Co-regent) Berenice III
34%
81-80 Berenice III
34%
58-55 Berenice IV
34%
No matching quizzes found
Score Distribution
Percent of People with Each Score
Percentile by Number Answered
Your Score History
You have not taken this quiz